[Event "Regionalliga SO 1314"]
[Site "Bayern"]
[Date "2014.04.06"]
[Round "9.1"]
[White "Wilhelm, Robert"]
[Black "Krstic, Petar"]
[Result "0-1"]
[WhiteElo "2082"]
[BlackElo "2319"]
[PlyCount "82"]
[EventDate "2013.10.13"]
[EventType "team-tourn"]
[EventRounds "9"]
[EventCountry "GER"]
[SourceTitle "EXT 2015"]
[Source "ChessBase"]
[SourceDate "2014.11.20"]
[SourceVersion "1"]
[SourceVersionDate "2014.11.20"]
[SourceQuality "1"]
[WhiteTeam "Bruckmuehl"]
[BlackTeam "Deggendorf"]
[WhiteTeamCountry "GER"]
[BlackTeamCountry "GER"]

1. e4 d6 2. d4 Nf6 3. Nc3 e5 4. f4 exd4 5. Qxd4 c5 6. Bb5+ Nc6 7. Qd3 Bd7 8. Nf3 a6 9. Bxc6 Bxc6 10. 0-0 Be7 11. b3 b5 12. Re1 0-0 13. Bb2 b4 14. Nd5 Nxd5 15. exd5 Bb5 16. Qf5 Bd7 17. Qh5 Bf6 18. Bxf6 Qxf6 19. Qg5 Qxg5 20. Nxg5 Bf5 21. Re2 Rfe8 22. Rae1 Rxe2 23. Rxe2 Kf8 24. Kf2 a5 25. h3 Re8 26. Rd2 h5 27. h4 a4 28. Nf3 axb3 29. axb3 Ra8 30. Re2 Ra1 31. Ne1 Rd1 32. Ke3 Rxd5 33. Rd2 Rxd2 34. Kxd2 Be4 35. c3 bxc3+ 36. Kxc3 Ke7 37. b4 cxb4+ 38. Kxb4 Ke6 39. Kc4 Kf5 40. g3 Kg4 41. Kd4 d5 0-1

[Event "FICGS W-ch st1 g12 email"]
[Site "FICGS email"]
[Date "2014.03.03"]
[Round "1"]
[White "Wilhelm, Robert"]
[Black "Altieri, Carlo"]
[Result "1-0"]
[WhiteElo "2083"]
[BlackElo "1981"]
[PlyCount "73"]
[EventDate "2014.??.??"]
[EventType "tourn (corr)"]
[EventRounds "8"]
[SourceTitle "Corr 2022"]
[Source "ChessBase"]
[SourceDate "2021.10.24"]
[SourceVersion "1"]
[SourceVersionDate "2021.10.24"]
[SourceQuality "1"]

1. e4 e5 2. Nf3 Nc6 3. c3 d5 4. Qa4 f6 5. Bb5 Nge7 6. exd5 Qxd5 7. 0-0 e4 8. c4 Qd7 9. Ne1 a6 10. Nc3 Qf5 11. f3 Be6 12. fxe4 Qc5+ 13. Kh1 0-0-0 14. d4 Qxd4 15. Nc2 Qb6 16. c5 Qxc5 17. Be3 Qh5 18. Bxa6 bxa6 19. Qxa6+ Kd7 20. Nb5 Bg4 21. Qa4 Be2 22. Ncd4 Rb8 23. Rfd1 Bxd1 24. Rxd1 Ke8 25. Qb3 Qe5 26. Qc4 Rb6 27. Rd3 g5 28. a4 Rxb5 29. Nxb5 Bh6 30. Rd1 Kf8 31. Bd2 Qxb2 32. Bc3 Qc2 33. Rf1 Bg7 34. Nxc7 Rg8 35. Nd5 Rh8 36. h3 h5 37. Nxe7 1-0

[Event "FICGS W-ch st1 g12 email"]
[Site "FICGS email"]
[Date "2014.03.03"]
[Round "1"]
[White "Wilhelm, Robert"]
[Black "Arteau, Benoit"]
[Result "1-0"]
[WhiteElo "2083"]
[BlackElo "1465"]
[PlyCount "45"]
[EventDate "2014.??.??"]
[EventType "tourn (corr)"]
[EventRounds "8"]
[SourceTitle "Corr 2022"]
[Source "ChessBase"]
[SourceDate "2021.10.24"]
[SourceVersion "1"]
[SourceVersionDate "2021.10.24"]
[SourceQuality "1"]

1. e4 b6 2. d4 Bb7 3. Bd3 e6 4. Nf3 c5 5. c3 Nf6 6. Qe2 Be7 7. 0-0 Nc6 8. e5 Nd5 9. dxc5 bxc5 10. c4 Ndb4 11. Be4 Qc7 12. a3 Na6 13. Nc3 Qc8 14. Rd1 Na5 15. Bg5 f6 16. exf6 gxf6 17. Ne5 fxe5 18. Qh5+ Kd8 19. Bxe7+ Kxe7 20. Qg5+ Kf7 21. Rd3 Qg8 22. Rxd7+ Kf8 23. Qe7# 1-0

[Event "FICGS W-ch st1 g12 email"]
[Site "FICGS email"]
[Date "2014.03.03"]
[Round "1"]
[White "Wilhelm, Robert"]
[Black "Kuge, Tom"]
[Result "1-0"]
[WhiteElo "2083"]
[BlackElo "1754"]
[PlyCount "49"]
[EventDate "2014.??.??"]
[EventType "tourn (corr)"]
[EventRounds "8"]
[SourceTitle "Corr 2022"]
[Source "ChessBase"]
[SourceDate "2021.10.24"]
[SourceVersion "1"]
[SourceVersionDate "2021.10.24"]
[SourceQuality "1"]

1. e4 e5 2. Nf3 Nf6 3. Nc3 Nc6 4. Bb5 Bb4 5. 0-0 0-0 6. d3 Nd4 7. Bc4 d6 8. Nxd4 exd4 9. Ne2 c5 10. Bg5 h6 11. Bh4 g5 12. Bg3 d5 13. exd5 Nxd5 14. Nc1 Ba5 15. Nb3 Bb6 16. a4 a5 17. Qf3 Nf6 18. h3 Be6 19. Nd2 Bd5 20. Qf5 Bxc4 21. Nxc4 Re8 22. f4 Bc7 23. fxg5 Bxg3 24. gxf6 Kh8 25. Qh5 1-0

[Event "FICGS W-ch st1 g01 email"]
[Site "FICGS email"]
[Date "2013.07.02"]
[Round "1"]
[White "Duenas, Alexis"]
[Black "Wilhelm, Robert"]
[Result "0-1"]
[WhiteElo "1817"]
[BlackElo "2010"]
[PlyCount "66"]
[EventDate "2013.??.??"]
[EventType "tourn (corr)"]
[EventRounds "8"]
[SourceTitle "Corr 2022"]
[Source "ChessBase"]
[SourceDate "2021.10.24"]
[SourceVersion "1"]
[SourceVersionDate "2021.10.24"]
[SourceQuality "1"]

1. d4 d5 2. c4 c6 3. e3 Nf6 4. Nc3 e6 5. Nf3 Nbd7 6. Bd3 dxc4 7. Bxc4 b5 8. Bd3 Bd6 9. a3 Bb7 10. Qc2 a6 11. b4 a5 12. Rb1 axb4 13. axb4 Qe7 14. Bd2 0-0 15. 0-0 Bxb4 16. e4 Bxc3 17. Bxc3 Rfc8 18. e5 Nd5 19. Bxh7+ Kh8 20. Bd2 c5 21. Ng5 f6 22. Bg8 Nf8 23. Bxe6 fxg5 24. Bxc8 Rxc8 25. Rxb5 Ne6 26. dxc5 Bc6 27. Rbb1 Ndf4 28. Bxf4 Nxf4 29. f3 Qxe5 30. Rfe1 Qd4+ 31. Kh1 Qf6 32. Rf1 Re8 33. Qb2 Qg6 0-1